Vadideki zambak / (Record no. 13170)

MARC details
000 -BAŞLIK
Sabit Uzunlukta Kontrol Alanı 00846nam a22002297a 4500
999 ## - SİSTEM KONTROL NUMARALARI (KOHA)
Koha Biblionumber 13170
Koha Biblioitemnumber 13170
003 - KONTROL NUMARASI IDENTIFIER
Denetim Alanı MIRAKIL
005 - SON İŞLEM TARİHİ VE ZAMANI
Denetim Alanı 20190418115848.0
008 - SABİT-BOY VERİ ELEMANLARI - GENEL BİLGİLER
Sabit Uzunlukta Kontrol Alanı 190418b tu ||||| |||| 00| 0 tur d
020 ## - ULUSLARARASI STANDART KİTAP NUMARASI
Uluslararası Standart Kitap Numarası 9786053328575
040 ## - KATALOGLAMA KAYNAK
Orijinal Kataloglama Ajansı TR-AnCHP
Metne Dönüştürmek Ajansı TR-AnCHP
041 ## - DİL KODU
Metin / Ses Parça Veya Ayrı Başlığın Dil Kodu tur
082 ## - DEWEY ONLU SINIFLANDIRMA NUMARASI
Sınıflandırma Numarası 843.7
Ürün Numarası B24v 2016
100 ## - ANA GİRİŞ - KİŞİSEL İSİM
Kişisel Ad Balzac, Honoré de
245 10 - BAŞLIK TABLOSU
Başlık Vadideki zambak /
Sorumluluk Tablosu, Vb Honoré de Balzac ; Fransızca aslından çeviren: Volkan Yalçıntoklu
260 ## - YAYIN, DAĞITIM, VB
Yayın, Dağıtım, Vb Yeri İstanbul :
Yayıncı, Dağıtıcı, Vs Adı Türkiye İş Bankası Kültür Yayınları,
Yayın, Dağıtım, Vb Tarihi 2016.
300 ## - FİZİKSEL TANIM
Kapsam 319 s. ;
Boyutlar 22 sm.
490 0# - SERİSİ TABLOSU
Seri Beyanı Türkiye İş Bankası Kültür Yayınları ;
-- Hasan Âli Yücel klasikler dizisi ;
Hacim / Ardışık Tanımı Genel yayın : 3641.
Uluslararası Standart Süreli Yayın Numarası 294.
500 ## - GENEL NOT
Genel Not Özgün yapıtadı: Les lys dans la vallêe.
650 #0 - KONU KATMA GİRİŞ - TOPİKAL DÖNEM
9 (RLIN) 5051
Topikal Süreli Veya Coğrafi Ad Giriş Elemanı Fransız Edebiyatı
Genel Alt Bölümü Roman
700 ## - KATMA GİRİŞ - KİŞİSEL İSİM
9 (RLIN) 5634
Kişisel Ad Yalçıntoklu, Volkan
Relator Terim çev.
942 ## - EKLENDİ GİRİŞ ELEMANLARI (KOHA)
Sınıflandırma Veya Raf Düzeni Kaynak Dewey Decimal Classification
Koha Öğesi Türü Books
Holdings
Kalıcı Konum Mevcut Konum Edinme Tarihi Toplam Check-Out'Lar Tam Çağrı Numarası Barkod Tarih Son Görülme Tarihi Geçen Teslim İtibaren Geçerli Fiyatlar Koha Öğesi Türü
CHP Kütüphanesi CHP Kütüphanesi 04/18/2019 1 843.7 B24v 2016 000325 01/10/2020 12/24/2019 04/18/2019 Books